Geography Quiz

Random Geography or Asia Quiz

Closest Countries to Mount Everest Quiz Stats

 Plays Quiz Updated Jul 21, 2017

Support Sporcle.
Go Orange.
Score 0/26 Timer 03:00
6 Plays Today
Distance Country % Correct
0 kmChina
99%
0 kmNepal
98.2%
118 kmIndia
98.1%
1,206 kmPakistan
94.1%
2,345 kmRussia
90.2%
1,652 kmAfghanistan
86.8%
210 kmBangladesh
86.3%
1,651 kmVietnam
86.1%
1,848 kmMongolia
85.7%
1,580 kmLaos
85.2%
1,449 kmThailand
85.1%
2,325 kmIran
83.6%
203 kmBhutan
83.2%
Distance Country % Correct
775 kmMyanmar
82.6%
2,257 kmCambodia
80.8%
2,137 kmSri Lanka
79.8%
1,694 kmKazakhstan
78.3%
2,166 kmTurkmenistan
77.3%
1,919 kmUzbekistan
77.2%
1,513 kmTajikistan
74.4%
2,746 kmMalaysia
71.8%
1,680 kmKyrgyzstan
71.4%
2,606 kmIndonesia
68.1%
2,747 kmMaldives
53.5%
2,788 kmOman
40.6%
3,002 kmUnited Arab Emirates
39.9%

You're not logged in!

Compare scores with friends on all Sporcle quizzes.
OR
Log In
Forgot?

From the Vault

That's My Dad

by JoeBeta

Well, it's probably not your dad. Unless of course your dad is Tom Hanks or something.
Remove Ads.
Support Sporcle.
Get the best of Sporcle when you Go Orange. This ad-free experience offers more features, more stats, and more fun while also helping to support Sporcle. Thank you for becoming a member.

Show Comments

Extras

Top Quizzes Today


Score Distribution

Your Account Isn't Verified!

In order to create a playlist on Sporcle, you need to verify the email address you used during registration. Go to your Sporcle Settings to finish the process.

Report this User

Report this user for behavior that violates our Community Guidelines.

Details: